Expedients sancionadors : manual del formador manual del formador
Publicado:
Barcelona :
Diputació de Barcelona. Àrea de Presidència. Direcció dels Serveis de Formació ,
2008
Descripción Física:
68 p. : quadres ; 29 cm
MARC
| LEADER | 00000nam a2200000Ia 4500 | ||
|---|---|---|---|
| 001 | 21789 | ||
| 008 | 160829s2008 xx 000 0 cat d | ||
| 080 | |a M-6-243 | ||
| 245 | |a Expedients sancionadors : |b manual del formador | ||
| 260 | |a Barcelona : |b Diputació de Barcelona. Àrea de Presidència. Direcció dels Serveis de Formació, |c 2008 | ||
| 300 | |a 68 p. : |b quadres ; |c 29 cm | ||
| 650 | |a Sancions administratives |x Dret i legislació |x Manuals, guies, etc. |9 45852 | ||
| 710 | |a Barcelona (Catalunya : Província). |b Direcció de Serveis de Formació |9 51343 | ||
| 901 | |a Arxiu | ||
| 942 | |n 1 | ||
| 952 | |0 0 |1 0 |4 0 |6 M6243 |7 1 |9 52843 |a Arxiu |b Arxiu |d 2016-12-01 |l 0 |o M-6-243 |p 21789 |r 2016-12-01 00:00:00 |w 2016-12-01 |y ARXIU | ||
| 999 | |c 56692 |d 56692 | ||